Feminisms and educational research / (Record no. 98989)

MARC details
000 -LEADER
fixed length control field 01542cam a22003617a 4500
001 - CONTROL NUMBER
control field 16945587
003 - CONTROL NUMBER IDENTIFIER
control field URS
005 - DATE AND TIME OF LATEST TRANSACTION
control field 20260310173128.0
008 - FIXED-LENGTH DATA ELEMENTS--GENERAL INFORMATION
fixed length control field 110902s2012 mdu b 001 0 eng
010 ## - LIBRARY OF CONGRESS CONTROL NUMBER
LC control number 2011035355
020 ## - INTERNATIONAL STANDARD BOOK NUMBER
International Standard Book Number 9780847699025
Qualifying information cloth : alk. paper
020 ## - INTERNATIONAL STANDARD BOOK NUMBER
International Standard Book Number 9781442214675
Qualifying information electronic
035 ## - SYSTEM CONTROL NUMBER
System control number 16945587
040 ## - CATALOGING SOURCE
Original cataloging agency DLC
Transcribing agency DLC
Language of cataloging eng
Modifying agency URS
Description conventions rda
050 00 - LIBRARY OF CONGRESS CALL NUMBER
Classification number LC 197
Item number .K8248 2012
082 00 - DEWEY DECIMAL CLASSIFICATION NUMBER
Classification number 370.72/082
Edition number 23
100 1# - MAIN ENTRY--PERSONAL NAME
Personal name Kohli, Wendy R.
245 10 - TITLE STATEMENT
Title Feminisms and educational research /
Statement of responsibility, etc. Wendy Kohli and Nicholas C. Burbules.
264 ## - PRODUCTION, PUBLICATION, DISTRIBUTION, MANUFACTURE, AND COPYRIGHT NOTICE
Place of production, publication, distribution, manufacture Lanham, Md. :
Name of producer, publisher, distributor, manufacturer Rowman & Littlefield Publishers,
Date of production, publication, distribution, manufacture, or copyright notice c2012.
300 ## - PHYSICAL DESCRIPTION
Extent ix, 103 pages ;
Dimensions 24 centimeters.
336 ## - CONTENT TYPE
Content type term text
Content type code txt
Source rdacontent
337 ## - MEDIA TYPE
Media type term unmediated
Media type code n
Source rdamedia
338 ## - CARRIER TYPE
Carrier type term volume
Carrier type code nc
Source rdacarrier
504 ## - BIBLIOGRAPHY, ETC. NOTE
Bibliography, etc. note Includes bibliographical references and index.
505 0# - FORMATTED CONTENTS NOTE
Formatted contents note Introduction -- What is feminism? -- Philosophical concerns and commitments -- Feminist inquiry -- Feminist educational research.
650 #0 - SUBJECT ADDED ENTRY--TOPICAL TERM
Topical term or geographic name entry element Feminism and education
General subdivision Research.
650 #0 - SUBJECT ADDED ENTRY--TOPICAL TERM
Topical term or geographic name entry element Feminist theory.
700 1# - ADDED ENTRY--PERSONAL NAME
Personal name Burbules, Nicholas C.
906 ## - LOCAL DATA ELEMENT F, LDF (RLIN)
a 7
b vip
c orignew
d 1
e ecip
f 20
g y-gencatlg
942 ## - ADDED ENTRY ELEMENTS (KOHA)
Source of classification or shelving scheme Library of Congress Classification
Koha item type Foreign Books
Classification part LC 197
Item part .K8248 2012
Holdings
Withdrawn status Source of classification or shelving scheme Damaged status Not for loan Home library Current library Shelving location Date acquired Total Checkouts Full call number Barcode Date last seen Copy number Price effective from Koha item type
  Library of Congress Classification     Angono College Library Angono College Library Foreign Section 03/10/2026   LC 197 .K8248 2012 URSANG-2698 03/10/2026 1 03/10/2026 Foreign Books
  Library of Congress Classification     Angono College Library Angono College Library Foreign Section 03/10/2026   LC 197 .K8248 2012 URSANG-2699 03/10/2026 2 03/10/2026 Foreign Books

University of Rizal System
Email us at univlibservices@urs.edu.ph

Visit our Website www.urs.edu.ph/library